<?xml version="1.0" encoding="UTF-8"?>
<record
    xmlns:xsi="http://www.w3.org/2001/XMLSchema-instance"
    xsi:schemaLocation="http://www.loc.gov/MARC21/slim http://www.loc.gov/standards/marcxml/schema/MARC21slim.xsd"
    xmlns="http://www.loc.gov/MARC21/slim">

  <leader>00658nam a2200145   4500</leader>
  <controlfield tag="008">709.2 G827a</controlfield>
  <datafield tag="020" ind1=" " ind2=" ">
    <subfield code="a">2080106198</subfield>
  </datafield>
  <datafield tag="082" ind1=" " ind2=" ">
    <subfield code="a">709.2</subfield>
    <subfield code="b">G827a</subfield>
  </datafield>
  <datafield tag="100" ind1=" " ind2=" ">
    <subfield code="a">Grenier, Catherine</subfield>
    <subfield code="9">6409</subfield>
  </datafield>
  <datafield tag="245" ind1=" " ind2=" ">
    <subfield code="a">Anette Messager</subfield>
  </datafield>
  <datafield tag="260" ind1=" " ind2=" ">
    <subfield code="a">France</subfield>
    <subfield code="b">Flammarion</subfield>
    <subfield code="c">2001</subfield>
  </datafield>
  <datafield tag="300" ind1=" " ind2=" ">
    <subfield code="a">192 p.</subfield>
    <subfield code="b">ill (col)</subfield>
    <subfield code="c">26 x 27 cm</subfield>
  </datafield>
  <datafield tag="505" ind1=" " ind2=" ">
    <subfield code="t">portfolio</subfield>
    <subfield code="t">introduction</subfield>
    <subfield code="t">the dolls</subfield>
    <subfield code="t">a model artist</subfield>
    <subfield code="t">the world pinned</subfield>
    <subfield code="t">image manufacture</subfield>
    <subfield code="t">fairyland and apocalypse</subfield>
    <subfield code="t">topography and the body</subfield>
    <subfield code="t">topography and the soul</subfield>
    <subfield code="t">family stories</subfield>
    <subfield code="t">secret societies</subfield>
    <subfield code="t">body and decor</subfield>
    <subfield code="t">realism and the fantastic</subfield>
  </datafield>
  <datafield tag="650" ind1=" " ind2=" ">
    <subfield code="x">arte contempor&#xE1;neo</subfield>
    <subfield code="x">Francia</subfield>
    <subfield code="x">arte - siglo XX</subfield>
    <subfield code="x">arte - biograf&#xED;a</subfield>
    <subfield code="x">Messager, Catherine</subfield>
    <subfield code="9">6410</subfield>
  </datafield>
  <datafield tag="999" ind1=" " ind2=" ">
    <subfield code="c">1500</subfield>
    <subfield code="d">1500</subfield>
  </datafield>
  <datafield tag="952" ind1=" " ind2=" ">
    <subfield code="0">0</subfield>
    <subfield code="1">0</subfield>
    <subfield code="2">ddc</subfield>
    <subfield code="4">0</subfield>
    <subfield code="7">0</subfield>
    <subfield code="a">LV</subfield>
    <subfield code="b">LV</subfield>
    <subfield code="c">Monograf&#xED;as</subfield>
    <subfield code="d">2018-06-14</subfield>
    <subfield code="l">0</subfield>
    <subfield code="o">709.2 G827a</subfield>
    <subfield code="p">001063</subfield>
    <subfield code="r">2018-06-14 00:00:00</subfield>
    <subfield code="w">2018-06-14</subfield>
    <subfield code="y">01</subfield>
  </datafield>
</record>
